Problemas y perspectivas de los Estados multiétnicos: conferencia pronunciada el 27 de marzo de 1986 /

sin resumen

Salvato in:
Dettagli Bibliografici
Autore principale: Stavenhagen, Rodolfo
Natura: testo
Lingua:Spanish
Pubblicazione: Tokio: Universidad de las Naciones Unidas; 1986
Serie:Serie Anual de Conferencias n° 3
Soggetti:
Tags: Aggiungi Tag
Nessun Tag, puoi essere il primo ad aggiungerne!!

MARC

LEADER 00000 a a2200000 04500
001 1765
003 cru IIS
005 20211118133521.0
008 201022b ||||| |||| 00| 0 spa d
040 |c cru IIS 
090 |a 10684.00  
100 |a Stavenhagen, Rodolfo  
245 1 |a Problemas y perspectivas de los Estados multiétnicos:  |b conferencia pronunciada el 27 de marzo de 1986 /  |c Rodolfo Stavenhagen 
260 |a Tokio:   |b Universidad de las Naciones Unidas;  |c 1986 
300 |a 25 p  
440 |9 10154  |a Serie Anual de Conferencias  |v n° 3 
520 |a sin resumen  
650 |a GRUPOS ETNICOS  
650 |a CULTURA  
650 |a ETNICIDAD  
942 |2 ddc  |c LI 
999 |c 14232  |d 14232